[Event "VAM Hoogeveen 3rd"]
[Site "Hoogeveen"]
[Date "1999.10.19"]
[Round "3"]
[White "Timman, Jan H"]
[Black "Karpov, Anatoly"]
[Result "1-0"]
[WhiteElo "2650"]
[BlackElo "2700"]
[Annotator "Ftacnik,L"]
[PlyCount "89"]
[EventDate "1999.10.15"]
[EventType "tourn"]
[EventRounds "6"]
[EventCountry "NED"]
[EventCategory "15"]
[SourceTitle "CBM 074"]
[Source "ChessBase"]
[SourceDate "2000.02.01"]
[SourceVersion "1"]
[SourceVersionDate "2000.02.01"]
[SourceQuality "1"]

1. d4 Nf6 2. c4 e6 3. Nc3 Bb4 4. Nf3 b6 5. Qb3 Qe7 6. a3 Bxc3+ 7. Qxc3 Bb7 8.
e3 O-O 9. Be2 d6 10. O-O Nbd7 11. b4 c5 12. Bb2 a5 {There are several
defensive plans for black, Karpov opts for the elimination of white's control
on the queenside.} (12... Rac8 13. dxc5 dxc5 14. b5 Rfd8 15. a4 Ne8 16. a5 Ra8
17. a6 Be4 18. Nd2 Bg6 19. Bf3 Rac8 {1/2-1/2 Becker,A-Pitschak,R/Bad
Liebenwerda/1934/ (60)}) (12... Ne4 13. Qc2 (13. Qb3 Rac8 (13... Ndf6 14. Rad1
d5 15. dxc5 bxc5 16. b5 Rfd8 17. Ne5 Qc7 18. f3 Nd6 19. Rfe1 Nf5 20. Bd3 {
1/2-1/2 Gritsak,O-Rozentalis,E/Koszalin/1998/ (38)}) 14. Rad1 Rc7 15. Nd2 Nxd2
16. Rxd2 Qg5 17. f3 d5 18. cxd5 Bxd5 19. Qd3 cxb4 20. axb4 Bc4 21. Qa3 b5 {
0-1 Toefferl,H-Palac,M/Portoroz/1996/ (42)}) 13... f5 (13... Rac8 14. dxc5 dxc5
15. b5 h6 16. Rfd1 Rfd8 17. a4 Ng5 18. Qc3 Nxf3+ 19. Bxf3 Nf6 20. Bxb7 Qxb7 {
1/2-1/2 Cebalo,M-Hohler,P/Saint Vincent 1998/ (30)}) 14. dxc5 (14. Bd3 Ndf6 15.
Nd2 cxd4 16. exd4 Rae8 17. f3 Nxd2 18. Qxd2 Nh5 19. Rfe1 Qh4 20. Bf1 Rf6 {
Stefansson,H-Zarnicki,P/WchJM U20/1992/ (35)}) 14... bxc5 15. b5 Ndf6 16. Nd2
Rad8 17. f3 Ng5 18. Rfd1 e5 19. h4 Ne6 20. Qxf5 {1-0 Shamkovich,L-Kholmov,R/
Baku/1972/ (59)}) (12... Rfd8 13. Rad1 (13. Rfd1 Rac8 14. Qb3 Be4 15. Nd2 Ba8
16. dxc5 dxc5 17. b5 Ne4 18. Nxe4 Bxe4 19. a4 f6 20. a5 Nf8 21. f3 Bg6 {
1/2-1/2 Gurevich,M-Rozentalis,E/Belfort/1997/ (46)}) 13... Nf8 14. bxc5 bxc5
15. dxc5 dxc5 16. Qa5 Be4 17. Ne5 Rxd1 18. Rxd1 Qb7 19. Qb5 Bxg2 20. f3 Qc7 {
1/2-1/2 Witke,T-Mehler,G/BL2-S 1988/BL2}) (12... Rfe8 13. Nd2 Rac8 14. dxc5
dxc5 15. b5 e5 16. f3 Nf8 17. a4 Rcd8 18. Rfd1 Ng6 19. a5 Rd6 20. axb6 axb6 21.
Nf1 Rxd1 22. Bxd1 e4 23. f4 {1-0 Burmakin,V-Zayac,E/St. Petersburg/1998/ (34)})
13. Rfd1 axb4 14. axb4 Rfb8 (14... Rxa1 15. Bxa1 Ne4 16. Qb3 $14) 15. Nd2 Qd8 (
15... Ne4 $2 16. Nxe4 Bxe4 17. dxc5 Qg5 18. f3 $18) 16. f3 Rxa1 17. Bxa1 Ra8
18. Bd3 Qc7 (18... cxd4 19. exd4 (19. Qxd4 Qc7 $11) 19... b5 $5 20. cxb5 Nd5
21. Qb3 Qg5 22. Ne4 Qe3+ 23. Kh1 Nxb4 24. Bc4 (24. Nf6+ Kh8 25. Ng4 Qf4 26.
Qxb4 Bxf3 27. Rf1 Bxg2+ 28. Kxg2 Qxg4+ 29. Kh1 Ne5 $1 $19) 24... Qxb3 25. Bxb3
$14) 19. Bc2 Rc8 $6 (19... e5 20. Bb2 $15) (19... cxd4 20. exd4 b5 21. c5 $14)
20. dxc5 dxc5 21. b5 $1 {The pawn structure is now clearly favourable for
white. His bishops enjoy open diagonals, but black knights have no good
squares.} Ne8 (21... e5 22. Bf5 $14) 22. Ne4 f6 23. Qd3 $1 Bxe4 (23... Nf8 24.
Nd6 $1 Nxd6 (24... Rd8 25. Nxe8 Rxe8 26. Qd6 $16) 25. Qxd6 Qxd6 26. Rxd6 Ra8
27. Bc3 Ra2 (27... Ra3 28. Be1 Ra2 29. Bd3 Ra3 30. Bf1 $18) 28. Bd3 Bc8 29. Bf1
Ra3 30. Be1 $16) 24. Qxe4 Nf8 25. Qd3 Kf7 (25... Ra8 26. Bb2 Ra2 27. Ba3 Qa7
28. Bc1 $16) 26. Bc3 Ke7 (26... Ra8 27. Be1 $1 $16) 27. Ra1 Rd8 28. Qe2 Nd6 (
28... e5 29. f4 $1 $16) 29. f4 Kf7 30. e4 Nc8 (30... Ng6 31. e5 $16) 31. e5 $1
{Timman needs to open up the position to prove the dominant character of
bishop's pair over two knights.} f5 (31... Ne7 32. Qh5+ Neg6 33. exf6 gxf6 34.
Rf1 $16) 32. Qf3 Ne7 33. h3 Kg8 34. Kh2 (34. g4 $6 Nfg6 35. Qg3 Rf8 $14) 34...
Nfg6 35. g3 Kf7 36. h4 $1 Kg8 37. h5 Nh8 (37... Nf8 38. g4 $16) 38. g4 Rf8 (
38... fxg4 39. Qxg4 Qc8 40. Ra7 Re8 41. h6 Nhg6 42. Ra8 $1 Qxa8 (42... Qd7 43.
Qd1 Nd5 44. Rxe8+ Qxe8 45. cxd5 $18) 43. Qxe6+ Kh8 44. hxg7+ Kxg7 45. Qf6+ Kg8
46. e6 $18) 39. gxf5 Nxf5 (39... exf5 40. e6 $16) 40. Bxf5 Rxf5 (40... exf5 41.
e6 Qe7 42. Qg2 $1 $18) 41. Ra8+ {The location of the black knight on h8 is
quite symbolic.} Rf8 (41... Kf7 42. Rxh8 $18) 42. Rxf8+ Kxf8 43. Qa8+ Kf7 44.
Qxh8 Qb7 45. h6 $1 (45. h6 $1 Qf3 46. Qxg7+ Ke8 47. Qg8+ Ke7 48. Qxh7+ Kd8 49.
Qg8+ Kd7 50. Qg3 $18) 1-0

[Event "EU-Cup 15th final"]
[Site "Bugojno"]
[Date "1999.10.31"]
[Round "3"]
[White "Pigusov, Evgeny"]
[Black "Timman, Jan H"]
[Result "0-1"]
[WhiteElo "2609"]
[BlackElo "2650"]
[Annotator "Huebner,R"]
[PlyCount "136"]
[EventDate "1999.10.29"]
[EventType "team-k.o."]
[EventRounds "3"]
[EventCountry "BIH"]
[SourceTitle "EXT 2020"]
[Source "ChessBase"]
[SourceDate "2019.10.17"]
[SourceVersion "1"]
[SourceVersionDate "2019.10.17"]
[SourceQuality "1"]
[WhiteTeam "Tomsk Siberia"]
[BlackTeam "Breda Panfox"]
[WhiteTeamCountry "RUS"]
[BlackTeamCountry "NED"]

1. Nf3 {Hansen,Cu. Hecht} d5 2. g3 c6 3. Bg2 Bg4 4. c4 e6 5. O-O Nf6 6. b3 Nbd7
7. Bb2 Bd6 8. d4 O-O 9. Nbd2 Re8 10. Re1 Bh5 11. a3 a5 12. Ne5 Qc7 13. Nd3 Bg6
14. e4 dxe4 15. Nxe4 Nxe4 16. Bxe4 c5 17. dxc5 Nxc5 18. Nxc5 Bxc5 19. Qf3 Rad8
20. Rad1 $6 (20. Bxg6 hxg6 (20... fxg6 21. Re2 {+/-}) 21. Rad1 Qb6 22. Kg2 {=})
20... Bxe4 21. Qxe4 Qb6 22. Qf3 (22. Qc2 $5 {kommt in Betracht, denn auf} Qc6 {
kann} 23. Qc3 {geschehen.}) 22... f6 23. Kg2 e5 24. Bc1 (24. Rd5 $5 {sollte
geschehen.}) 24... Rxd1 25. Rxd1 e4 26. Qg4 Qxb3 27. Rd7 Bf8 28. Qh5 Qf3+ 29.
Qxf3 exf3+ 30. Kxf3 Rc8 31. Rxb7 Rxc4 32. Bb2 $6 {Wei� begreift nicht, da�
die Stellung sorgf�ltige Verteidigung erheischt.} ({Nach} 32. Bd2 {ist das
Remis nicht mehr fern:} Ra4 (32... a4 33. Bb4 Bxb4 34. axb4 a3 35. Ra7 {=}) 33.
Rb3 Bxa3 34. Rb8+ Kf7 35. Ra8 {=}) 32... Rc2 33. Bd4 Bxa3 34. g4 h6 35. h4 Rc4
36. Ke3 Bc5 37. Bxc5 Rxc5 38. h5 $2 {Danach kann Schwarz eine Gewinnstellung
einnehmen; nach dem folgenden Man�ver wird der Turm des Schwarzen den Bauern
auf g7 decken, so da� sein K�nig zum Damenfl�gel wandern kann. Mit} (38.
Ra7 h5 39. f3 {sollte Wei� die Stellung noch halten k�nnen.}) 38... f5 39.
f3 {'?' Hansen,Cu. Hansen,Cu: 'Timman analyses this endgame in New In Chess
Magazine nr. 8 1999. However there is one point which is unclear to me, and
was unclear even before I read the article of the dutch grandmaster'} (39. Kf4
{Hansen,Cu} fxg4 40. Kxg4 Rg5+ 41. Kh4 Rg1 {and now according to Timman: black
wins because condition 2 has been meet ("The defending party has a clear
weakness, allowing the outside pawn to advance to the seventh or second rank
respectively".) However I have been unable to find a way for black to win:} 42.
Ra7 Ra1 43. Kg3 a4 44. Kg2 {white should not play f2-f3} a3 45. Kh2 Kf8 46. Kg2
a2 (46... Ke8 47. Rxg7 Rb1 48. Ra7 Rb3 49. f4 {=}) 47. Kh2 Ke8 48. Kg2 Kd8 49.
Kh2 Kc8 50. Kg2 Kb8 51. Ra6 Kb7 52. Ra3 Kc6 (52... Kb6 53. Kh2 Kb5 54. Kg2 Kb4
55. Ra7 Kb3 56. Rb7+ {=}) 53. Ra7 Kd5 54. Ra6 Ke5 55. Ra7 $1 {I believe this
is the most exact. The moment the black K crosses the g-linie white will take
on g7 with check} (55. Ra5+ $5 Kf4 56. Ra7) 55... Kf4 (55... Kf6 56. Kh2) 56.
Rf7+ Kg4 57. Rxg7+ {=}) 39... fxg4 40. fxg4 Rg5 41. Kf3 Kf8 42. Ra7 Ke8 43. Kf4
Kd8 44. Kf3 Kc8 45. Rf7 Kb8 46. Rf4 Kb7 47. Ke3 Kb6 48. Kd3 Rc5 49. Re4 Kc6 50.
Re7 Rg5 51. Re4 Kd5 52. Rc4 Kd6 53. Rf4 Rd5+ 54. Ke3 Kc6 55. Rf7 Rd7 56. Rf5
Kb6 57. g5 hxg5 58. Rxg5 {Hecht: '# Der horizontal gesperrte wei�e K�nig
hat keine Chance gegen den vom schwarzen K�nig unterst�tzten a-Bauern. Der
schwarze g-Bauer wird zuverl�ssig vom Turm gedeckt. Dazu kommt stets der
m�gliche Schwenk des schwarzen Turms hinter seinen Freibauern. ===> -+ '} a4
59. Rg1 Ka5 {'!' Hecht.} (59... Ra7 $6 {(Hecht) zu fr�h} 60. Kd3 a3 (60...
Kc5 61. Kc2 Kd4 62. Kb2 {=}) 61. Kc2 a2 62. Kb2 a1=Q+ 63. Rxa1 Rxa1 64. Kxa1
Kc5 65. Kb2 Kd4 66. Kc2 Ke3 67. Kd1 Kf4 68. h6 gxh6 69. Ke2 Kg3 70. Kf1 {=})
60. Ra1 Kb4 61. Rb1+ Kc3 62. Rb6 Re7+ 63. Kf4 Ra7 64. Rc6+ Kd2 65. Rd6+ Kc2 66.
Rc6+ Kb3 67. Rb6+ Kc4 68. Kf5 a3 (68... a3 {Hecht} 69. Rc6+ (69. Rb1 a2 70.
Rc1+ Kb3 71. Kg6 Kb2 {-+}) 69... Kb3 70. Rb6+ Kc2 71. Rc6+ Kd2 72. Rd6+ Ke2 73.
Re6+ Kf2 {-+}) 0-1

[Event "Sigeman & Co 08th"]
[Site "Malmo"]
[Date "2000.05.23"]
[Round "1"]
[White "Timman, Jan H"]
[Black "Andersson, Ulf"]
[Result "1-0"]
[WhiteElo "2655"]
[BlackElo "2625"]
[Annotator "Psakhis,L"]
[PlyCount "59"]
[EventDate "2000.05.23"]
[EventType "tourn"]
[EventRounds "6"]
[EventCountry "SWE"]
[EventCategory "15"]
[SourceTitle "CBM 077"]
[Source "ChessBase"]
[SourceDate "2000.07.27"]
[SourceVersion "1"]
[SourceVersionDate "2000.07.27"]
[SourceQuality "1"]

1. e4 e6 2. d4 d5 3. e5 c5 4. c3 Nc6 5. Nf3 Nge7 6. Bd3 cxd4 7. cxd4 Nf5 8. Bc2
(8. Bxf5 exf5 9. Nc3 Be6 10. Ne2 h6 {doesn't promice advantage to white -} 11.
h4 g6 12. Bd2 Qb6 13. Rb1 a5 14. Kf1 Be7 15. Kg1 Kd7 16. a3 Qa6 17. Be3 a4 $11
{1/2-1/2 Adams,M-Vaganian,R/WchT Luzern 1997/CBM 62 (30)}) (8. Be3 Be7 9. Nc3
Nxe3 10. fxe3 O-O 11. O-O Bd7 12. a3 f5 13. exf6 Bxf6 14. Qc2 h6 15. Rad1 Rc8
16. Qe2 Be8 17. Bb1 Rc7 18. e4 Bh5 19. e5 Bg5 20. Qd3 g6 $132 {0-1 Jonkman,
H-Glek,I/Vlissingen op 1998/CBM 66 (38)}) 8... Qb6 9. Bxf5 exf5 10. Nc3 Be6 11.
O-O (11. Ne2 h6 12. h4 O-O-O 13. Kf1 Kb8 14. Kg1 Be7 15. Rb1 f4 $1 16. Nxf4 Bf5
17. Ra1 Be4 $44 {Benjamin,J-Shaked,T/Kona 73/313 1998/Inf 73/[Shaked,T]/1/2-1/
2 (43)}) 11... h6 12. Na4 $146 (12. h4 Be7 13. Ne2 O-O-O 14. Rb1 g5 15. hxg5
hxg5 16. Bxg5 Bxg5 17. Nxg5 Rh5 18. f4 Rdh8 19. Nf3 Kb8 20. Kf2 Bd7 $16 {
Benjamin,J-Edelman,D/New York MCC 1992/1-0 (55)}) 12... Qb5 13. Ne1 {[%cal
Ge1d3,Gd3f4]} Be7 14. Be3 Rc8 15. Nd3 {[%cal Gd3f4,Gd3c5]} b6 16. Nc3 Qc4 {
Looks little bit risky but after} (16... Qa6 17. Nf4 {[%csl Rd5] pawn on d5 is
weak.}) 17. Rc1 g5 $5 18. f4 g4 (18... Nxd4 19. b3 $18) 19. a4 {[%cal Gc3b5]}
Nb4 $6 ({I didn;t found how White can get advantage after} 19... Nxd4 $5 {
for example} 20. Nb5 (20. Nb1 Nc2 21. Bf2 Qb3 $13) 20... Nxb5 (20... Nc2 21.
Bf2 $18 {[%csl Rc2]}) 21. Rxc4 dxc4 22. axb5 Rd8 23. Qa4 Rxd3 24. Kf2 Rd7 $13 {
with reasonable compensation for the queen.}) 20. Nf2 Qa6 $6 (20... Na2 $142 $5
21. Nxa2 Qxa2 22. Rxc8+ Bxc8) 21. Nb5 {[%csl Gb5]} Rxc1 22. Bxc1 Kd7 $2 {
Last mistake} (22... Qb7 $1 {was much stronger}) 23. Nxg4 $1 {Black queen is
far away from the kingside, so it's logical for White to attack there.} fxg4
24. f5 $18 {[%csl Rd7]} Rg8 (24... h5 25. fxe6+ fxe6 26. Rf7 $40) 25. fxe6+
fxe6 26. Bd2 $1 (26. Bxh6 $5) 26... Nc6 (26... h5 27. Bxb4 Bxb4 28. Qc2 $18 {
[%cal Rc2c7,Rc2h7]}) 27. Bxh6 Qc8 28. Rf7 Rh8 29. Nd6 Qg8 30. Bg7 (30. Bg7 Rh7
31. Qxg4 Nxd4 32. Rxe7+ $1 Kxe7 33. Bf6+ Kf8 34. Qxd4 $18) 1-0

[Event "Lost Boys op"]
[Site "Amsterdam"]
[Date "2000.08.14"]
[Round "4"]
[White "Timman, Jan H"]
[Black "Ravi, Thandalam Shanmugam"]
[Result "1-0"]
[WhiteElo "2639"]
[BlackElo "2385"]
[PlyCount "85"]
[EventDate "2000.08.05"]
[EventType "swiss"]
[EventRounds "9"]
[EventCountry "NED"]
[SourceTitle "CBM 077 Extra"]
[Source "ChessBase"]
[SourceDate "2000.09.14"]
[SourceVersion "1"]
[SourceVersionDate "2000.09.14"]
[SourceQuality "1"]

1. d4 Nf6 2. c4 e6 3. Nc3 Bb4 4. e3 c5 5. Nge2 cxd4 6. exd4 O-O 7. a3 Be7 8.
Nf4 d5 9. cxd5 Nxd5 10. Ncxd5 exd5 11. Bd3 Bf6 12. O-O g6 13. Be3 Nc6 14. Rc1
Qd6 15. Bb1 Be6 16. Re1 Rfe8 17. Qd2 Rac8 18. h3 b6 19. b4 a5 20. b5 Na7 21. a4
Rxc1 22. Rxc1 Rc8 23. Ba2 Qd7 24. Rc3 Kg7 25. Qc1 Rxc3 26. Qxc3 Bd8 27. Bb3 Bf6
28. Qc2 Nc8 29. Qc6 Qxc6 30. bxc6 Na7 31. c7 Be7 32. Bxd5 Bd7 33. Bb7 Bxa4 34.
Nd5 Bd6 35. Nxb6 Bb3 36. c8=Q Nxc8 37. Nxc8 Bb4 38. d5 a4 39. Bd4+ f6 40. d6
Be6 41. Bc6 a3 42. d7 Ba5 43. Nb6 1-0

[Event "Sigeman & Co 09th"]
[Site "Malmo"]
[Date "2001.06.19"]
[Round "8"]
[White "Timman, Jan H"]
[Black "Berg, Emanuel"]
[Result "1-0"]
[WhiteElo "2620"]
[BlackElo "2474"]
[Annotator "Psakhis,L"]
[PlyCount "50"]
[EventDate "2001.06.12"]
[EventType "tourn"]
[EventRounds "9"]
[EventCountry "SWE"]
[EventCategory "13"]
[SourceTitle "CBM 084"]
[Source "ChessBase"]
[SourceDate "2001.09.13"]
[SourceVersion "1"]
[SourceVersionDate "2001.09.13"]
[SourceQuality "1"]

1. e4 e6 2. d4 d5 3. e5 c5 4. c3 Nc6 5. Nf3 Bd7 6. Be2 f6 {Quite risky move.I
would prefer} (6... Qb6 $5 {or}) (6... Nge7 $5) 7. O-O cxd4 {Rare move} ({
More common continuation is} 7... fxe5 {but after, for example} 8. Nxe5 $1 Nxe5
9. dxe5 Bc6 10. c4 $1 Ne7 11. Bg5 Qd7 12. Bh5+ g6 13. Bf6 Rg8 14. Bf3 dxc4 15.
Bxc6 Nxc6 16. Na3 $36 {1/2-1/2 Keitlinghaus,L-Reefschlaeger,H/Bad Woerishofen
op 1997 (43) White's chances are better.}) 8. cxd4 fxe5 9. dxe5 ({Worth
considering and} 9. Nxe5 $5 Nxe5 10. dxe5 Bc5 11. Nd2 Ne7 12. Bd3 Qb6 13. Qh5+
g6 14. Qh3 $36 {1-0 Dvoirys,S-Nygren,D/Skelleftea Solett op 2001/ (26) with
initiative.}) 9... Bc5 10. Nc3 a6 11. Bd3 $146 {Beggining of interesting and
dangerous for Black plan} ({Also possible} 11. Bg5 Nge7 12. Rc1 Ba7 13. Bd3 O-O
14. Na4 Qe8 15. Nc5 Bxc5 16. Rxc5 Rc8 17. Rc3 Qh5 18. Bxe7 Nxe7 19. Rxc8 Bxc8
20. Qe2 $14 {Peng Xiaomin-Mariano,N/Singapore Pools 1997/1-0 (66)}) 11... Nge7
12. Ne2 $1 {[%cal Ge2f4]} Rc8 ({Deserves attention} 12... Qc7 $5 {attacking e
pawn.}) 13. Nf4 Qb6 14. a3 a5 15. Rb1 g6 {Sad necessity! Too dangerous for
Black} (15... O-O 16. b4 $1 ({In the case of} 16. Bxh7+ Kxh7 17. Ng5+ Kg8 18.
Qh5 {Black still can organize successful resistance after} Rxf4 $1 (18... Rf5
19. Qh7+ Kf8 20. Qh8+ Ng8 21. Ng6+ $18) 19. Bxf4 Nd8 20. b4 axb4 21. axb4 Bd4
22. Qh7+ Kf8 23. Qh8+ Ng8 24. Be3 {[%cal Gb1d1]} Ba4 $1 {[%cal Ga4d1]}) 16...
axb4 17. axb4 Nxb4 (17... Bxb4 18. Ng5 {[%csl Re6,Rg8,Rh7][%cal Gb1b6]}) 18.
Bxh7+ $1 Kxh7 19. Ng5+ Kg8 20. Qh5 Rxf4 $8 21. Bxf4 Be8 22. Qh7+ Kf8 23. Qh8+
Ng8 24. Nh7+ Kf7 25. Rb3 $40 {and rook join hunt for black monarch}) 16. b4 $1
axb4 17. axb4 Nxb4 (17... Bxb4 18. Ng5) 18. Bd2 {[%csl Re8][%cal Rb1b6]} O-O
19. Ng5 {[%csl Gd3,Gf4,Gg5,Rg8][%cal Rg5h7] Black's pieces are far away from
the kingside, so it's logical for White to attack exactly there!} Qc6 {What
else?} (19... h6 20. Nxg6 Nxg6 21. Bxg6 Rxf2 (21... Bb5 22. Qh5 $18) 22. Rxf2
Bxf2+ 23. Kh1 $18 {lose immediately}) 20. Rxb4 $1 Bxb4 21. Bxb4 Rxf4 22. Bxe7 {
White's material and positional advantage promise quick and easy victory} Qc3
23. g3 Ba4 24. Qe2 Bc2 25. Bxc2 Rd4 1-0

[Event "Curacao op"]
[Site "Willemstad"]
[Date "2001.08.04"]
[Round "9"]
[White "Manor, Ilan"]
[Black "Timman, Jan H"]
[Result "0-1"]
[WhiteElo "2500"]
[BlackElo "2600"]
[PlyCount "44"]
[EventDate "2001.07.??"]
[EventType "swiss"]
[EventRounds "9"]
[EventCountry "AHO"]
[SourceTitle "EXT 2002"]
[Source "ChessBase"]
[SourceDate "2001.11.25"]
[SourceVersion "1"]
[SourceVersionDate "2001.11.25"]
[SourceQuality "1"]

1. Nf3 Nf6 2. c4 c5 3. b3 g6 4. Bb2 Bg7 5. g4 h6 6. Rg1 d6 7. h4 Kf8 8. g5 hxg5
9. hxg5 Ng4 10. Nc3 Nc6 11. e3 Bf5 12. Be2 Nh2 13. Nxh2 Rxh2 14. a3 Qd7 15. Qc1
Ne5 16. Nd5 Be4 17. Bc3 Qf5 18. Nf4 Nf3+ 19. Bxf3 Bxf3 20. Bxg7+ Kxg7 21. Qc3+
e5 22. d3 Kg8 0-1

[Event "Lost Boys op"]
[Site "Amsterdam"]
[Date "2001.08.13"]
[Round "4"]
[White "Van Beek, Lucien"]
[Black "Timman, Jan H"]
[Result "0-1"]
[WhiteElo "2369"]
[BlackElo "2597"]
[PlyCount "78"]
[EventDate "2001.08.10"]
[EventType "swiss"]
[EventRounds "9"]
[EventCountry "NED"]
[SourceTitle "CBM 083 Extra"]
[Source "ChessBase"]
[SourceDate "2001.09.11"]
[SourceVersion "1"]
[SourceVersionDate "2001.09.11"]
[SourceQuality "1"]

1. d4 Nf6 2. c4 e6 3. Nc3 Bb4 4. e3 O-O 5. Nge2 d5 6. a3 Be7 7. cxd5 exd5 8. b4
c6 9. Ng3 Re8 10. Bd3 Nbd7 11. O-O Nb6 12. Bb2 a6 13. Re1 Bd6 14. Qc2 h5 15.
Nf1 Be6 16. Rad1 Qc7 17. f3 a5 18. b5 c5 19. Na4 c4 20. Be2 Nxa4 21. Qxa4 Bd7
22. Rb1 Bf5 23. Rbc1 Qd7 24. Bd1 Bd3 25. Be2 Bf5 26. Bd1 h4 27. Bc2 Bxc2 28.
Rxc2 Re6 29. Rce2 Nh5 30. Bc1 Bc7 31. Qc2 Qxb5 32. Qf5 g6 33. Qg4 c3 34. Qxh4
Nf4 35. Rc2 Qb3 36. exf4 Rxe1 37. Qxe1 Qxc2 38. Ne3 Qd3 39. Ng4 Qxd4+ 0-1

[Event "SWE-chT 0102"]
[Site "Sweden"]
[Date "2002.03.15"]
[Round "9"]
[White "Logdahl, Harald"]
[Black "Timman, Jan H"]
[Result "0-1"]
[WhiteElo "2319"]
[BlackElo "2639"]
[PlyCount "68"]
[EventDate "2001.10.12"]
[EventType "team"]
[EventRounds "11"]
[EventCountry "SWE"]
[SourceTitle "EXT 2003"]
[Source "ChessBase"]
[SourceDate "2002.11.25"]
[SourceVersion "1"]
[SourceVersionDate "2002.11.25"]
[SourceQuality "1"]
[WhiteTeam "Eskilstuna"]
[BlackTeam "Limhamn"]
[WhiteTeamCountry "SWE"]
[BlackTeamCountry "SWE"]

1. e4 c5 2. c4 Nc6 3. Nc3 g6 4. g3 Bg7 5. Bg2 e6 6. Nge2 Nge7 7. O-O O-O 8. d3
d6 9. Be3 Nd4 10. Qd2 Rb8 11. Bh6 Bd7 12. Bxg7 Kxg7 13. f4 Qa5 14. g4 f5 15.
exf5 exf5 16. g5 Rfe8 17. Nxd4 cxd4 18. Ne4 Qxd2 {Om svart ej goer dambyte,
gar vits springare till f6, vilket skulle ge vit foerdel.} 19. Nxd2 Nc6 20. Nb3
a5 21. c5 a4 22. Bxc6 bxc6 23. Nxd4 dxc5 24. Nf3 Rxb2 25. a3 Ree2 26. Rae1 Rg2+
27. Kh1 Kf8 28. Re5 Be8 29. Rfe1 Bf7 30. R5e3 Kg8 31. Re7 Rgf2 32. R7e3 Rxf3
33. Rxf3 Bd5 34. Ref1 Rb3 0-1

[Event "SWE-chT 0102"]
[Site "Sweden"]
[Date "2002.03.16"]
[Round "10"]
[White "Timman, Jan H"]
[Black "Popov, Valerij"]
[Result "1-0"]
[WhiteElo "2639"]
[BlackElo "2557"]
[PlyCount "59"]
[EventDate "2001.10.12"]
[EventType "team"]
[EventRounds "11"]
[EventCountry "SWE"]
[SourceTitle "EXT 2003"]
[Source "ChessBase"]
[SourceDate "2002.11.25"]
[SourceVersion "1"]
[SourceVersionDate "2002.11.25"]
[SourceQuality "1"]
[WhiteTeam "Limhamn"]
[BlackTeam "Sollentuna"]
[WhiteTeamCountry "SWE"]
[BlackTeamCountry "SWE"]

1. e4 c5 2. Nf3 d6 3. d4 cxd4 4. Nxd4 Nf6 5. Nc3 a6 6. Be3 Ng4 7. Bc1 Nf6 8.
Bg5 e6 9. f4 Qb6 10. a3 Be7 11. e5 dxe5 12. fxe5 Nd5 13. Bxe7 Nxe7 14. Qd2 Qxb2
15. Bb5+ axb5 16. O-O b4 17. Ncb5 O-O 18. Rfb1 bxa3 19. Rxb2 axb2 20. Rb1 Ra1
21. Qe1 Ng6 22. Rxa1 bxa1=Q 23. Qxa1 Nxe5 24. Nxe6 Nf3+ 25. gxf3 Bxe6 26. Nd6
Nd7 27. Nxb7 Bd5 28. Nd6 Bxf3 29. Nf5 Nf6 30. Qa3 (30. Qa3 Bg4 31. Ne7+ Kh8 32.
Ng6+) 1-0

[Event "Lost Boys op"]
[Site "Amsterdam"]
[Date "2002.07.29"]
[Round "4"]
[White "Afek, Yochanan"]
[Black "Timman, Jan H"]
[Result "0-1"]
[WhiteElo "2329"]
[BlackElo "2623"]
[PlyCount "122"]
[EventDate "2002.07.26"]
[EventType "swiss"]
[EventRounds "9"]
[EventCountry "NED"]
[SourceTitle "CBM 089 Extra"]
[Source "ChessBase"]
[SourceDate "2002.09.10"]
[SourceVersion "2"]
[SourceVersionDate "2002.09.10"]
[SourceQuality "1"]

1. e4 e6 2. d4 d5 3. Nc3 Bb4 4. Nge2 dxe4 5. a3 Be7 6. Nxe4 Nc6 7. c3 Nf6 8.
N2g3 Nxe4 9. Nxe4 Qd5 10. Qf3 Bd7 11. Ng5 f6 12. Qxd5 exd5 13. Nf3 Bd6 14. Bd3
Ne7 15. Bd2 Kf7 16. O-O Bf5 17. Bxf5 Nxf5 18. Rfe1 g5 19. Re2 h5 20. Ne1 b6 21.
Nc2 Rhe8 22. Rxe8 Rxe8 23. Ne3 Bf4 24. Nxf5 Bxd2 25. Kf1 Bf4 26. g3 Kg6 27.
gxf4 Kxf5 28. fxg5 fxg5 29. a4 a5 30. b4 Ra8 31. b5 Ke4 32. Ke2 Rf8 33. Re1 Rf3
34. Kf1+ Kd3 35. Re7 Kxc3 36. Rxc7+ Kb4 37. Rc6 Kxa4 38. Rxb6 Rb3 39. Rg6 g4
40. b6 Rb5 41. Rc6 Rb1+ 42. Kg2 Rb4 43. Rc5 Rxb6 44. Rxd5 Rb5 45. Rd8 Kb3 46.
d5 a4 47. d6 Rb6 48. d7 Rb7 49. h3 a3 50. hxg4 hxg4 51. Kg3 a2 52. Ra8 Rxd7 53.
Rb8+ Kc2 54. Ra8 Kb3 55. Rb8+ Kc4 56. Rc8+ Kb5 57. Ra8 Rd2 58. f4 gxf3 59. Kxf3
Kc4 60. Ke3 Rh2 61. Ra7 Kc3 0-1

[Event "NED-ch op 5'"]
[Site "Dordrecht"]
[Date "2003.02.15"]
[Round "?"]
[White "Nijboer, Friso"]
[Black "Timman, Jan H"]
[Result "0-1"]
[WhiteElo "2550"]
[BlackElo "2590"]
[PlyCount "64"]
[EventDate "2003.02.15"]
[EventType "swiss"]
[EventRounds "34"]
[EventCountry "NED"]
[SourceTitle "CBM 092 Extra"]
[Source "ChessBase"]
[SourceDate "2003.03.07"]
[SourceVersion "1"]
[SourceVersionDate "2003.03.07"]
[SourceQuality "1"]

1. e4 d6 2. d4 Nf6 3. Nc3 g6 4. Bg5 Bg7 5. f4 c6 6. Qd2 O-O 7. Nf3 b5 8. Bd3 b4
9. Ne2 a5 10. a3 bxa3 11. Rxa3 Bb7 12. O-O Qc7 13. c4 c5 14. d5 Nbd7 15. Rfa1
Rfe8 16. Rxa5 Rab8 17. Nc3 e6 18. dxe6 Rxe6 19. Ra7 Qb6 20. Qc2 Ree8 21. R7a2
h6 22. Bh4 Nh5 23. Bg3 Nxg3 24. hxg3 Nf6 25. Qd2 Ng4 26. Nh2 Bd4+ 27. Kf1 Nxh2+
28. Ke2 Ng4 29. Kf3 f5 30. Nd5 Bxd5 31. cxd5 h5 32. Ra6 Qxb2 0-1